00442nam a2200157Ia 4500008004100000020001800041041000800059082001500067100002500082260007700107245004200184250000800226300000800234650002500242700001700267220805s9999 xx 000 0 und d a9780866121484 aeng a647.940285 aKasavana, Michael L. bThe educational Institute of American Culinary federation, floridac1997 aHospitality industry computer systems a3rd a329 aHospitality Industry aCahill, John